Skip to content
VuFind
שפה
English
Deutsch
Español
Français
Italiano
日本語
Nederlands
Português
Português (Brasil)
中文(简体)
中文(繁體)
Türkçe
עברית
Gaeilge
Cymraeg
Ελληνικά
Català
Euskara
Русский
Čeština
Suomi
Svenska
polski
Dansk
slovenščina
اللغة العربية
বাংলা
Galego
Tiếng Việt
Hrvatski
हिंदी
כל השדות
כותר
מחבר
נושא
סימן המיקום
ISBN/ISSN
תג
מצא
מתקדם
חיפוש
Lakshminarayan Lal ke natak
יצירת מראה מקום
שלח את זה
הדפסה
יצוא רשומה
יצוא אל RefWorks
יצוא אל EndNoteWeb
יצוא אל EndNote
permanent_link
טוען...
Lakshminarayan Lal ke natak
מלאי ספרים
תיאור
פריטים דומים
תצוגת צוות
LEADER
00166 a2200097 4500
020
260
942
|c
BK
|6
_
245
|a
Lakshminarayan Lal ke natak
100
999
|c
66554
|d
66554
פריטים דומים
Lakshminarayan Lal/
מאת: Shila Jhunjhunvala
יצא לאור: (1987)
Lakshminarayan lal krit ratrani natak/
מאת: Sampathrao Jadhav, et al.
יצא לאור: (2016)
Krithikaar Lakshminarayan Lal /
מאת: Raghuvamsh
יצא לאור: (1979)
Natakkar lakshminarayan Lal/
מאת: Sarju Prasad Mishra
יצא לאור: (1980)
Lakshminarayan lal Vyakti evam sahitakar /
יצא לאור: (1987)
טוען...